Sociálne zabezpečenie v Európskej únii Poľská republika
Systém sociálneho zabezpečenia v Poľsku pozostáva z niekoľkých podsystémov: sociálneho poistenia a sociálnej starostlivosti, zdravotného poistenia, sociálnej asistencie a podsystému dávok v nezamestnanosti. Druhy dávok vyplácaných správou sociálneho zabezpečenia. Dôchodkové poistenie. Starý a nový d...
Gespeichert in:
| 1. Verfasser: | |
|---|---|
| Format: | Buchkapitel |
| Sprache: | Slowakisch |
| Schlagworte: | |
| Tags: |
Keine Tags, Fügen Sie das erste Tag hinzu!
|
MARC
| LEADER | 00000naa$a2200000$$$4500 | ||
|---|---|---|---|
| 001 | 0051804 | ||
| 005 | 20230925074747.8 | ||
| 041 | 0 | |a slo | |
| 044 | |a SK | ||
| 245 | 1 | 0 | |a Sociálne zabezpečenie v Európskej únii |b Poľská republika |c Lenka Pastorková |
| 520 | |a Systém sociálneho zabezpečenia v Poľsku pozostáva z niekoľkých podsystémov: sociálneho poistenia a sociálnej starostlivosti, zdravotného poistenia, sociálnej asistencie a podsystému dávok v nezamestnanosti. Druhy dávok vyplácaných správou sociálneho zabezpečenia. Dôchodkové poistenie. Starý a nový dôchodkový systém. Pokračovanie článku v nasledujúcom čísle. | ||
| 610 | 2 | 0 | |a zabezpečenie sociálne |
| 610 | 2 | 0 | |a poistenie sociálne |
| 610 | 2 | 0 | |a poistenie v nezamestnanosti |
| 610 | 2 | 0 | |a poistenie dôchodkové |
| 610 | 2 | 0 | |a dávky poistné |
| 610 | 2 | 0 | |a Európska únia |
| 610 | 2 | 0 | |a Poľsko |
| 100 | 1 | |a Pastorková, Lenka | |